Countries Colonized by Portugal by Continent - Statistics

General Stats
  • This quiz has been taken 275 times
  • The average score is 11 of 23
Answer Stats
Hint Answer % Correct
South America Brazil
98%
Africa Angola
82%
Africa Mozambique
79%
Asia India
70%
South America Uruguay
68%
Africa Cape Verde
67%
Africa Sao Tome
62%
Africa Guinea-Bissau
60%
Asia Timor-Leste
59%
Asia Indonesia
56%
North America Canada
49%
Asia Malaysia
41%
Africa Morocco
40%
Africa Ghana
31%
Africa Benin
28%
Asia Iran
28%
Asia Oman
28%
Africa Senegal
28%
Africa Nigeria
26%
Asia Yemen
25%
North America Barbados
23%
Asia Maldives
20%
Asia Bahrain
11%
No matching quizzes found
Score Distribution
Percent of People with Each Score
Percentile by Number Answered
Your Score History
You have not taken this quiz